000 00446nam a2200181Ia 4500
005 20250423100920.0
008 250422s9999 xx 000 0 und d
020 _a978013198923 8
050 _aTK 5102 .9 . P47/
100 _aPhillips, Charles L.
245 0 _aSignals, systems, and transforms
250 _a4th ed.
260 _bPearson Education, Inc.
260 _c2008
300 _a774 p
650 _aSystem Analysis
942 _cBK
999 _c34732
_d34732